| 000 | 00396nam a2200145Ia 4500 | ||
|---|---|---|---|
| 008 | 130318s9999 xx 000 0 und d | ||
| 020 | _a8173660263 | ||
| 082 | _a006.74H GOO/D | ||
| 100 | _aGoodman, Danny | ||
| 245 | _aDynamic HTML: The definitive reference | ||
| 260 |
_bOreilly/Shroff Publishers and Distributors _aMumbai _c1998 |
||
| 300 | _a1073 | ||
| 650 | _aHTML | ||
| 650 | _aMARKUP LANGUAGES | ||
| 999 |
_c134 _d134 |
||